LEADER 01635nam0 22003853i 450 001 VAN00272584 005 20251008031119.28 017 70$2N$a9783031155680 100 $a20240227d2023 |0itac50 ba 101 $aeng 102 $aCH 105 $a|||| ||||| 181 $ai$b e 182 $ab 183 $acr 200 1 $aSustainable Agriculture in the Era of the OMICs Revolution$feditors Channa S. Prakash ... [et al.] 210 $aCham$cSpringer$d2023 215 $aVII, 514 p.$cill.$d24 cm 620 $aCH$dCham$3VANL001889 676 $a576.5$cGenetica$v22 676 $a660.6$cBiotecnologia. Microbiologia applicata$v22 676 $a630$cAgricoltura e tecnologie connesse$v22 676 $a580$cBotanica$v22 702 1$aPrakash$bChanna S.$3VANV224685 712 $aSpringer $3VANV108073$4650 790 1$aPrakash, C.S.$zPrakash, Channa S.$3VANV224686 790 1$aPrakash, C. S.$zPrakash, Channa S.$3VANV224687 801 $aIT$bSOL$c20251010$gRICA 856 4 $uhttps://link.springer.com/book/10.1007/978-3-031-15568-0$zE-book - Accesso al full-text attraverso riconoscimento IP di Ateneo, proxy e/o Shibboleth 899 $aBIBLIOTECA DEL DIPARTIMENTO DI SCIENZE E TECNOLOGIE AMBIENTALI BIOLOGICHE E FARMACEUTICHE$1IT-CE0101$2VAN17 912 $fN 912 $aVAN00272584 950 $aBIBLIOTECA DEL DIPARTIMENTO DI SCIENZE E TECNOLOGIE AMBIENTALI BIOLOGICHE E FARMACEUTICHE$d17CONS e-book 2309 $e17BIB2309/55 55 20240227 996 $aSustainable Agriculture in the Era of the OMICs Revolution$93002804 997 $aUNICAMPANIA